LEADER 01854nam a2200385 i 4500 001 991000163499707536 005 20020506105928.0 008 940126s1990 it ||| | ita 035 $ab10039521-39ule_inst 035 $aLE02614270$9ExL 040 $aDip.to Ingegneria dell'Innovazione$bita 082 0 $a512.5 084 $aAMS 15-01 084 $aAMS 51-01 100 1 $aAbbena, Elsa$041766 245 10$aEsercizi di algebra lineare e geometria analitica /$cE. Abbena, E. Bargero, S. Garbiero 260 $aTorino :$bLevrotto & Bella,$cc 1990 300 $a320 p. in varie sequenze ;$c25 cm 650 4$aAlgebra lineare - Esercizi 650 4$aGeometria - Esercizi 650 0$aLinear algebra$xTextbooks 650 0$aGeometry$xTextbooks 700 1 $aBargero, E. 700 1 $aGarbiero, Sergio 907 $a.b10039521$b29-05-19$c31-05-02 912 $a991000163499707536 945 $aLE026 512.5 ABB 01.01 C.1 1990$cC.1$g1$i2026000004518$lle026$o-$pE0.00$q-$rl$s- $t4$u6$v1$w6$x0$y.i10044279$z31-05-02 945 $aLE026 512.5 ABB 01.01 C.2 1990$cC.2$g0$i2026000004525$lle026$o-$pE0.00$q-$rl$s- $t4$u19$v3$w19$x0$y.i10044280$z31-05-02 945 $aLE026 512.5 ABB 01.01 C.3 1990$cC.3$g0$i2026000004532$lle026$o-$pE0.00$q-$rl$s- $t4$u7$v1$w7$x0$y.i10044292$z31-05-02 945 $aLE026 512.5 ABB 01.01 C.4 1990$cC.4$g0$i2026000004549$lle026$o-$pE0.00$q-$rl$s- $t4$u10$v4$w10$x0$y.i10044309$z31-05-02 945 $aLE026 512.5 ABB 01.01 C.5 1990$cC.5$g0$i2026000004556$lle026$o-$pE0.00$q-$rl$s- $t4$u11$v1$w11$x0$y.i10044310$z31-05-02 945 $aLE013 15-XX ABB11 (1990)$g1$i2013000292908$lle013$og$pE16.00$q-$rn$so $t1$u3$v0$w3$x0$y.i15784782$z24-10-16 996 $aEsercizi di algebra lineare e geometria analitica$9177274 997 $aUNISALENTO 998 $ale026$ale013$b01-01-94$cm$da $e-$fita$git $h0$i5 LEADER 02855 am 2200445 n 450 001 9910495979003321 005 20200805 010 $a979-1-03-656150-4 024 7 $a10.4000/books.pup.15657 035 $a(CKB)5590000000429667 035 $a(FrMaCLE)OB-pup-15657 035 $a(oapen)https://directory.doabooks.org/handle/20.500.12854/86500 035 $a(PPN)25244714X 035 $a(EXLCZ)995590000000429667 100 $a20201209j|||||||| ||| 0 101 0 $afre 135 $auu||||||m|||| 181 $ctxt$2rdacontent 182 $cc$2rdamedia 183 $acr$2rdacarrier 200 10$aDe Lothaire à Innocent III $eL?ascension d?un clerc au XIIe siècle /$fOlivier Hanne 210 $aAix-en-Provence $cPresses universitaires de Provence$d2020 215 $a1 online resource (330 p.) 225 1 $aLe temps de l?histoire 311 $a2-85399-916-5 330 $aInnocent III (1198-1216) fut l?un des papes les plus marquants du Moyen Âge. Mais l?importance de son action à la tête de l?Église a longtemps occulté le passé de celui que l?on surnomma « la stupeur du monde ». Or, avant son pontificat, il connut une brillante et rapide ascension que les sources permettent de retracer. Lothaire de Segni était un fils de l?aristocratie du sud du Latium, implantée à Rome. Esprit rigoureux, formé par les meilleurs maîtres de son temps à Rome, Bologne et surtout à Paris où il fréquenta les écoles de Saint-Victor et du Cloître Notre-Dame, il devint un théologien réputé à la curie, auteur de trois ouvrages majeurs, expert en exégèse et en liturgie, instruit en dialectique. Dès l?enfance, il entra au service de l?Église romaine et fut soutenu au long de son cursus par un groupe de clercs et de cardinaux influents. Promu lui-même cardinal des Saints-Serge-et-Bacchus à vingt-neuf ans, il fut élu pape dix ans plus tard, le 8?janvier 1198, porté par l?espoir d?une réforme de l?Église, espoir que semblait incarner sa jeunesse. L?étude de cette carrière exceptionnelle illustre les chemins qui, au XIIe?siècle, mènent au pontificat, et les critères plus ou moins implicites de l?élection : la personnalité du candidat - tributaire des archétypes moraux de l?époque -, ses compétences intellectuelles, le poids du contexte politique et des réseaux d?influence, tout en laissant sa part au hasard, ou à la Providence comme l?affirment les sources. 606 $aPopes$vBiography 610 $aclerc 610 $apape 610 $aMoyen Âge 610 $aÉglise 610 $aÉglise romaine 610 $abiographie 615 0$aPopes 700 $aHanne$b Olivier$01249637 801 0$bFR-FrMaCLE 906 $aBOOK 912 $a9910495979003321 996 $aDe Lothaire a? Innocent III$92895822 997 $aUNINA LEADER 01806oam 2200469M 450 001 9910716304303321 005 20200213070856.6 035 $a(CKB)5470000002521097 035 $a(OCoLC)1065581403 035 $a(OCoLC)995470000002521097 035 $a(EXLCZ)995470000002521097 100 $a20071213d1927 ua 0 101 0 $aeng 135 $aurcn||||||||| 181 $ctxt$2rdacontent 182 $cc$2rdamedia 183 $acr$2rdacarrier 200 10$aAdditional district judge for District of Maryland. January 19, 1927. -- Committed to the Committee of the Whole House on the State of the Union and ordered to be printed 210 1$a[Washington, D.C.] :$c[U.S. Government Printing Office],$d1927. 215 $a1 online resource (2 pages) 225 1 $aHouse report / 69th Congress, 2nd session. House ;$vno. 1814 225 1 $a[United States congressional serial set] ;$v[serial no. 8688] 300 $aBatch processed record: Metadata reviewed, not verified. Some fields updated by batch processes. 300 $aFDLP item number not assigned. 606 $aCourt congestion and delay 606 $aDistrict courts 606 $aJudicial districts 606 $aJudges 608 $aLegislative materials.$2lcgft 615 0$aCourt congestion and delay. 615 0$aDistrict courts. 615 0$aJudicial districts. 615 0$aJudges. 701 $aGraham$b George Scott$f1850-1931$pRepublican (PA)$01386798 801 0$bWYU 801 1$bWYU 801 2$bOCLCO 801 2$bOCLCQ 906 $aBOOK 912 $a9910716304303321 996 $aAdditional district judge for District of Maryland. January 19, 1927. -- Committed to the Committee of the Whole House on the State of the Union and ordered to be printed$93524109 997 $aUNINA LEADER 04062nam 22006375 450 001 996543164403316 005 20231206232936.0 010 $a3-8394-6172-3 024 7 $a10.1515/9783839461723 035 $a(CKB)27588459700041 035 $a(DE-B1597)634590 035 $a(DE-B1597)9783839461723 035 $a(MiAaPQ)EBC7268868 035 $a(EXLCZ)9927588459700041 100 $a20230808h20232023 fg 101 0 $ager 135 $aur||||||||||| 181 $ctxt$2rdacontent 182 $cc$2rdamedia 183 $acr$2rdacarrier 200 00$aRessource »Schriftträger« $eMaterielle Praktiken der Literatur zwischen Verschwendung und Nachhaltigkeit /$fhrsg. von Sergej Rickenbacher, Yashar Mohagheghi, Martin Bartelmus 210 1$aBielefeld : $ctranscript Verlag, $d[2023] 210 4$d©2023 215 $a1 online resource (304 p.) 225 0 $aLettre 311 $a9783837661729 327 $tFrontmatter -- $tInhalt -- $tZur Poetologie, Ökonomie und Ökologie der Ressource »Schriftträger« -- $tI. Poetologien des Schriftträgers: Zwischen Sprach- und Artefaktmaterialität -- $tCrossreading, Crosswriting, Makulatur-Lektüre -- $tDie Nachhaltigkeit der Prachtausgabe -- $tRessource Müll -- $tPapier als elastisches Medium -- $tII. Agentialität und Affordanz: Schriftträger in Schreibverfahren -- $tLeicht wie Stein -- $tFranz Fühmanns Klebetyposkripte -- $tFreund, Fetisch, Phantasma -- $tIII. Kreisläufe: Recycling, Serialisierung und Zerstörung von Schriftträgern -- $tKosmischer Müll -- $tDas UNIKAT in SERIE -- $tEugenische Publikations-Szene -- $tDas Korpus der Autor*in -- $tIV. Transformationen: Ressourcen und Nachhaltigkeit -- $tErzählstoff Papier -- $tDie Ressourcen der Interlinearversion und der nachhaltige Umgang mit dem Original bei Goethe, Pannwitz und Benjamin -- $t»Papierbedarf: 0,3 Tonnen« -- $tDie Rückkehr des Schriftträgers -- $tAnhang -- $tAbbildungsverzeichnis -- $tAutor*innen 330 $aBeinahe alles kann als Schriftträger dienen. Auch können Bücher wieder zur Grundlage für neue Texte oder Material im Schreibprozess werden. Gleichzeitig sind alle Schriftträger endlich: Sie werden verbraucht, zersetzt oder zerstört. In diesem Zyklus von Entstehen und Vergehen sind Bücher, Hefte, Blätter, Fächer oder Wände nicht nur Medium, sondern die stoffliche Bedingung der Schrift. Die Beiträger*innen plädieren dafür, Schriftträger als Ressourcen zu verstehen. Damit lässt sich ihrer materiellen Existenzweisen, ihren Transformationen sowie den dazugehörigen ökonomischen, ästhetischen und ökologischen Praktiken im Spannungsfeld von Nachhaltigkeit und Verschwendung Rechnung tragen. 606 $aLITERARY CRITICISM / General$2bisacsh 610 $aAesthetics. 610 $aBook. 610 $aCultural History. 610 $aEcology. 610 $aEconomy. 610 $aGerman Literature. 610 $aLiterary Studies. 610 $aLiterature. 610 $aMedium. 610 $aResource. 610 $aSustainability. 615 7$aLITERARY CRITICISM / General. 702 $aAssmann$b David-Christopher, $4ctb$4https://id.loc.gov/vocabulary/relators/ctb 702 $aBartelmus$b Martin, $4ctb$4https://id.loc.gov/vocabulary/relators/ctb 702 $aBartelmus$b Martin, $4edt$4http://id.loc.gov/vocabulary/relators/edt 702 $aBasten$b Laura, $4ctb$4https://id.loc.gov/vocabulary/relators/ctb 702 $aBosse$b Anke, $4ctb$4https://id.loc.gov/vocabulary/relators/ctb 702 $aErdmann$b Dominik, $4ctb$4https://id.loc.gov/vocabulary/relators/ctb 702 $aMohagheghi$b Yashar, $4edt$4http://id.loc.gov/vocabulary/relators/edt 702 $aRickenbacher$b Sergej, $4edt$4http://id.loc.gov/vocabulary/relators/edt 712 02$aUniversitäts- und Landesbibliothek Düsseldorf$4fnd$4http://id.loc.gov/vocabulary/relators/fnd 801 0$bDE-B1597 801 1$bDE-B1597 906 $aBOOK 912 $a996543164403316 996 $aRessource »Schriftträger«$93519270 997 $aUNISA